000 003100000a22001450004500
003 MACL
040 _aMACL
090 _c6312
_d6311
100 _aBhoite, U. B
245 _aSociology of Indian Intellectuals
260 _bRawat Publications
_c1987
350 _a200
650 _aSociology
942 _cBOOK
_k300
999 _c6264
_d6264